000 00863cam a2200289 4500
001 M1915
008 090401t1995 xxu||||| |||| 00| 0 eng d
035 _a(Sirsi) u35242
041 _aeng
050 _a333.337
090 _aRICS 1995/60ABCD
110 _aRoyal Institution of Chartered Surveyors
_94900
245 _aConsultation document: the capital valuation of petrol filling stations.
260 _aLondon
_bRICS
_c1995
300 _a7p. ; 30cm.
350 _a0
520 _aDraft consultation document (June 1995). Comments to be sent to Rebekah Lowe by 31 July 1995.
650 _aCAPITAL VALUATION
650 _aCONSULTATION DOCUMENT
650 _aGN9
650 _aGUIDANCE NOTES
650 _aPETROL FILLING STATIONS
650 _aVALUATION GUIDANCE NOTES
690 _aRATING AND VALUATION
942 _n0
948 _c04/03/1997
999 _c90073
_d90073